[Event "I Trofeo UTE"]
[Site "Vigevano ITA"]
[Date "2007.06.20"]
[Round "1"]
[White "Provera, Emanuele"]
[Black "Bozzali, Ermanno"]
[Result "0-1"]
[WhiteElo "2137"]
[BlackElo "2064"]
[PlyCount "72"]
[EventDate "2007.06.20"]

1. d4 d5 2. c4 c6 3. Nc3 Nf6 4. cxd5 cxd5 5. Nf3 Nc6 6. Bf4 a6 7. Ne5 Qb6 8.
Nxc6 bxc6 9. Na4 Qb4+ 10. Bd2 Qxd4 11. e3 Qa7 12. Qc2 e6 13. Bd3 c5 14. b3 Be7
15. Rc1 Bd7 16. Nxc5 Bb5 17. a4 Bxd3 18. Nxd3 O-O 19. b4 Ne4 20. f3 Nxd2 21.
Kxd2 d4 22. e4 e5 23. g3 a5 24. Nxe5 Bxb4+ 25. Ke2 Bc3 26. Qd3 Qe7 27. Nc6 Qe6
28. Nxd4 Bxd4 29. Qxd4 Qa2+ 30. Qd2 Qxa4 31. Rhd1 Qb5+ 32. Qd3 Qh5 33. h4 a4
34. Rc4 a3 35. Ra1 Qe5 36. Rxa3 Qb2+ 0-1

[Event "I Trofeo UTE"]
[Site "Vigevano ITA"]
[Date "2007.06.21"]
[Round "2"]
[White "Bozzali, Ermanno"]
[Black "Brugo, Marco"]
[Result "1-0"]
[WhiteElo "2064"]
[BlackElo "2125"]
[PlyCount "111"]
[EventDate "2007.06.20"]

1. e4 e6 2. d4 d5 3. Nc3 Nf6 4. e5 Nfd7 5. f4 c5 6. Nf3 Nc6 7. Be3 cxd4 8. Nxd4
Bc5 9. Qd2 Nxd4 10. Bxd4 O-O 11. O-O-O a6 12. Qe3 Qc7 13. Bd3 Bxd4 14. Qxd4 Qc5
15. Ne2 b5 16. Rhf1 b4 17. g4 a5 18. Qxc5 Nxc5 19. Nd4 Ba6 20. f5 Bxd3 21. cxd3
exf5 22. gxf5 Rfe8 23. Rfe1 g6 24. Kd2 gxf5 25. Nxf5 Re6 26. Rg1+ Kf8 27. Rde1
Rg6 28. Rgf1 Rg2+ 29. Re2 Rxe2+ 30. Kxe2 Ra7 31. d4 Ne6 32. Rc1 Rc7 33. Rxc7
Nxc7 34. Kd3 Nb5 35. Ne3 Nc7 36. a4 Ke7 37. Ng4 Ne8 38. Ke3 Ke6 39. Kf4 Ng7 40.
Ne3 f6 41. exf6 Nh5+ 42. Kg5 Nxf6 43. Kh6 Kf7 44. h4 Kg8 45. Kg5 Kf7 46. Kf5
Ke7 47. Ke5 Nd7+ 48. Kxd5 Nb6+ 49. Kc6 Nxa4 50. Nd1 Ke6 51. d5+ Ke5 52. d6 Nb6
53. Kxb6 Kxd6 54. Kxa5 Kc5 55. b3 h5 56. Nb2 1-0

[Event "I Trofeo UTE"]
[Site "Vigevano ITA"]
[Date "2007.06.21"]
[Round "2"]
[White "Damia, Angelo"]
[Black "Massironi, Marco"]
[Result "1-0"]
[WhiteElo "2212"]
[BlackElo "2147"]
[PlyCount "73"]
[EventDate "2007.06.20"]

1. e4 c5 2. a3 e6 3. b4 cxb4 4. axb4 Bxb4 5. Bb2 Bf8 6. Ra3 Nf6 7. Re3 Nc6 8.
Nf3 Ng4 9. Re2 a5 10. h3 Nf6 11. e5 Nd5 12. c4 Ndb4 13. d4 b6 14. Rd2 d5 15.
exd6 Qxd6 16. d5 Ne7 17. Be5 Qc5 18. Bd4 Qd6 19. Be5 Qc5 20. Nc3 exd5 21. Nb5
f6 22. Nc7+ Kf7 23. Nxa8 fxe5 24. Nxe5+ Kg8 25. cxd5 Nexd5 26. Bc4 Be6 27. O-O
b5 28. Bxd5 Nxd5 29. Re1 Nc3 30. Qf3 Nd5 31. Ng4 Bf7 32. Re5 Qc1+ 33. Rd1 Qf4
34. Rexd5 Qxf3 35. gxf3 Bxd5 36. Rxd5 a4 37. Rxb5 1-0

[Event "I Trofeo UTE"]
[Site "Vigevano ITA"]
[Date "2007.06.21"]
[Round "2"]
[White "Fornasir, Carlo Gustavo"]
[Black "Kidane, Robel"]
[Result "0-1"]
[WhiteElo "1982"]
[BlackElo "2123"]
[PlyCount "84"]
[EventDate "2007.06.20"]

1. Nf3 Nf6 2. c4 g6 3. Nc3 Bg7 4. g3 O-O 5. Bg2 d6 6. d4 c6 7. O-O Nbd7 8. Qc2
Qc7 9. b3 e5 10. dxe5 dxe5 11. Ba3 Re8 12. Rad1 Qa5 13. Bd6 Nh5 14. e4 Nf8 15.
b4 Qa6 16. b5 Qa5 17. Nd2 Qd8 18. Nb3 Qf6 19. bxc6 bxc6 20. Na5 Bg4 21. f3 Be6
22. f4 exf4 23. e5 Qg5 24. Ne4 Qh6 25. Nxc6 g5 26. Qe2 Ng6 27. g4 f3 28. Qxf3
Nhf4 29. Ne7+ Kh8 30. Nxg6+ Nxg6 31. Ng3 Nxe5 32. Bxe5 Bxe5 33. Qxa8 Rxa8 34.
Bxa8 Bxg4 35. Rd8+ Kg7 36. Bd5 Qb6+ 37. Kg2 Qxd8 38. Rxf7+ Kg6 39. Rxa7 Qb6 40.
Be4+ Kf6 41. Rxh7 Qb2+ 42. Kf1 Qa1+ 0-1

[Event "I Trofeo UTE"]
[Site "Vigevano ITA"]
[Date "2007.06.21"]
[Round "2"]
[White "Salmoiraghi, Angelo"]
[Black "Provera, Emanuele"]
[Result "1-0"]
[WhiteElo "2035"]
[BlackElo "2137"]
[PlyCount "97"]
[EventDate "2007.06.20"]

1. e4 c5 2. Nc3 Nc6 3. g3 g6 4. Bg2 Bg7 5. d3 d6 6. Be3 Nf6 7. h3 O-O 8. f4 Nd4
9. Nce2 e5 10. c3 Nxe2 11. Nxe2 Be6 12. O-O Qd7 13. Kh2 b5 14. fxe5 dxe5 15.
Bxc5 Rfd8 16. d4 Qc7 17. b4 Bc4 18. d5 a5 19. a3 Ne8 20. Qe1 Ra6 21. Rd1 Bf8
22. Bxf8 Kxf8 23. Rf2 Rda8 24. Ng1 axb4 25. axb4 Ra2 26. Rdd2 Rxd2 27. Qxd2 Kg7
28. Nf3 Ra3 29. Ng5 Nd6 30. Rxf7+ Qxf7 31. Nxf7 Nxf7 32. h4 Ra2 33. Qd1 h5 34.
Kh1 Nd6 35. Qg1 Rd2 36. Qa7+ Nf7 37. Bh3 Rd1+ 38. Kh2 Kf8 39. Qb8+ Kg7 40. Be6
Be2 41. Qc7 Rf1 42. Bxf7 Rxf7 43. Qxe5+ Kh7 44. d6 Rf1 45. g4 hxg4 46. d7 Bf3
47. Qe7+ Kh6 48. Qf8+ Kh7 49. d8=R 1-0

[Event "I Trofeo UTE"]
[Site "Vigevano ITA"]
[Date "2007.06.22"]
[Round "3"]
[White "Brugo, Marco"]
[Black "Salmoiraghi, Angelo"]
[Result "0-1"]
[WhiteElo "2125"]
[BlackElo "2035"]
[PlyCount "102"]
[EventDate "2007.06.20"]

1. d4 Nf6 2. c4 c5 3. d5 Ne4 4. f3 Qa5+ 5. Nd2 Nd6 6. e4 g6 7. Kf2 Bg7 8. Nb3
Qc7 9. Qc2 f5 10. Bd3 fxe4 11. fxe4 O-O+ 12. Nf3 Nf7 13. Rf1 Ne5 14. Kg1 Nxf3+
15. Rxf3 Rxf3 16. gxf3 e5 17. Be3 d6 18. Qg2 Nd7 19. Rf1 Nf6 20. Nc1 Bd7 21. h3
Nh5 22. Ne2 Rf8 23. f4 Bh6 24. Qh2 Nxf4 25. Nxf4 Bxf4 26. Bxf4 Rxf4 27. Rxf4
exf4 28. Qxf4 Bxh3 29. Bf1 Bxf1 30. Qxf1 Qf7 31. Qh3 Qe7 32. b3 Kg7 33. Qc3+
Kg8 34. Qa5 b6 35. Qa6 Qd7 36. Kf2 h5 37. Qa3 g5 38. Qb2 Qg7 39. Qe2 Qf6+ 40.
Kg3 Qf4+ 41. Kh3 h4 42. Qg2 Kg7 43. b4 Kf6 44. bxc5 bxc5 45. Qb2+ Qe5 46. Qf2+
Qf4 47. Qb2+ Kg6 48. Qg2 a5 49. a4 Kh6 50. Qg1 Kh5 51. Qd1+ g4+ 0-1

[Event "I Trofeo UTE"]
[Site "Vigevano ITA"]
[Date "2007.06.22"]
[Round "3"]
[White "Kidane, Robel"]
[Black "Bozzali, Ermanno"]
[Result "0-1"]
[WhiteElo "2123"]
[BlackElo "2064"]
[PlyCount "70"]
[EventDate "2007.06.20"]

1. c4 f5 2. d4 Nf6 3. Nc3 e6 4. g3 d5 5. Bg2 c6 6. Nf3 Bd6 7. Bf4 Bxf4 8. gxf4
dxc4 9. Ne5 Nd5 10. e3 Qh4 11. O-O b5 12. a4 b4 13. Ne2 Ba6 14. Rc1 O-O 15.
Nxc4 Nd7 16. Ng3 N7f6 17. h3 g5 18. fxg5 Qxg5 19. Kh2 Qh4 20. Bf3 Kh8 21. Rg1
f4 22. Nh1 Bxc4 23. Rxc4 fxe3 24. Qe1 Qf4+ 25. Rg3 exf2 26. Nxf2 Nh5 27. Bxh5
Qxf2+ 28. Qxf2 Rxf2+ 29. Kg1 Raf8 30. Rxc6 Rxb2 31. Rxe6 Rb1+ 32. Kh2 Rf2+ 33.
Rg2 Rxg2+ 34. Kxg2 Nf4+ 35. Kg3 Nxe6 0-1

[Event "I Trofeo UTE"]
[Site "Vigevano ITA"]
[Date "2007.06.22"]
[Round "3"]
[White "Massironi, Marco"]
[Black "Fornasir, Carlo Gustavo"]
[Result "1-0"]
[WhiteElo "2147"]
[BlackElo "1982"]
[PlyCount "55"]
[EventDate "2007.06.20"]

1. e4 e5 2. Nf3 Nc6 3. Bb5 Nf6 4. d3 d6 5. h3 Bd7 6. O-O Be7 7. c3 O-O 8. Re1
a6 9. Ba4 b5 10. Bc2 Ne8 11. d4 exd4 12. cxd4 Nb4 13. Bb3 c5 14. dxc5 dxc5 15.
Ne5 Nf6 16. Bxf7+ Rxf7 17. Nxf7 Kxf7 18. e5 Bf5 19. Qf3 Nc2 20. exf6 Nxe1 21.
Qxf5 Bxf6 22. Nc3 Qd3 23. Ne4 Re8 24. Qh5+ Kf8 25. Nxf6 Nf3+ 26. Qxf3 Re1+ 27.
Kh2 Qxf3 28. gxf3 1-0

[Event "I Trofeo UTE"]
[Site "Vigevano ITA"]
[Date "2007.06.22"]
[Round "3"]
[White "Provera, Emanuele"]
[Black "Damia, Angelo"]
[Result "0-1"]
[WhiteElo "2137"]
[BlackElo "2212"]
[PlyCount "70"]
[EventDate "2007.06.20"]

1. d4 c5 2. d5 Nf6 3. Nc3 d6 4. e4 g6 5. Be2 Bg7 6. Nf3 O-O 7. O-O Na6 8. h3
Nc7 9. a4 b6 10. Bf4 a6 11. Re1 Bb7 12. Bh2 Qd7 13. Qd3 Rab8 14. Nd2 b5 15.
axb5 axb5 16. Ra5 b4 17. Na4 Na8 18. Nc4 Qd8 19. Nxc5 dxc5 20. Bxb8 Qxb8 21.
Rxc5 Ba6 22. Ra1 Nd7 23. Rca5 Ne5 24. Qb3 Bxc4 25. Bxc4 Nxc4 26. Qxc4 Nc7 27.
R1a4 Ne8 28. Rxb4 Qf4 29. Ra8 Qc1+ 30. Qf1 Qxc2 31. Rbb8 Nf6 32. Rxf8+ Bxf8 33.
b4 Qxe4 34. Qc1 Qxd5 35. Qc5 Qxa8 0-1

[Event "I Trofeo UTE"]
[Site "Vigevano ITA"]
[Date "2007.06.23"]
[Round "4"]
[White "Damia, Angelo"]
[Black "Brugo, Marco"]
[Result "1/2-1/2"]
[WhiteElo "2212"]
[BlackElo "2125"]
[PlyCount "85"]
[EventDate "2007.06.20"]

1. f3 f5 2. Kf2 Nf6 3. d4 e6 4. e3 b6 5. Bd3 Bb7 6. c4 Bd6 7. Nc3 O-O 8. Nb5
Be7 9. Ne2 c6 10. Nbc3 d5 11. Nf4 Qd7 12. cxd5 exd5 13. Qc2 g6 14. Re1 Na6 15.
a3 Nc7 16. b4 Bd6 17. Nce2 Rae8 18. Kg1 Ne6 19. Nxe6 Rxe6 20. Bd2 Nh5 21. g3
Rfe8 22. e4 fxe4 23. fxe4 c5 24. e5 c4 25. exd6 cxd3 26. Qxd3 Qxd6 27. Nc3 a6
28. Rxe6 Rxe6 29. Rf1 Rf6 30. Rxf6 Nxf6 31. Bf4 Qe7 32. Be5 Ng4 33. Qe2 Nxe5
34. dxe5 d4 35. Qc4+ Qf7 36. Qxd4 Qf3 37. Qd8+ Kg7 38. Qf6+ Qxf6 39. exf6+ Kxf6
40. Na4 b5 41. Nc5 Bc8 42. Kf2 Ke5 43. Ke3 1/2-1/2

[Event "I Trofeo UTE"]
[Site "Vigevano ITA"]
[Date "2007.06.23"]
[Round "4"]
[White "Fornasir, Carlo Gustavo"]
[Black "Bozzali, Ermanno"]
[Result "1/2-1/2"]
[WhiteElo "1982"]
[BlackElo "2064"]
[PlyCount "95"]
[EventDate "2007.06.20"]

1. Nf3 c5 2. e4 d6 3. c3 Nf6 4. Be2 Nbd7 5. d3 g6 6. O-O Bg7 7. Be3 d5 8. exd5
Nxd5 9. Bd2 O-O 10. Qc1 Qc7 11. c4 N5f6 12. Bh6 e5 13. Nc3 Ng4 14. Bxg7 Kxg7
15. h3 Ngf6 16. Nd2 b6 17. Nde4 Nxe4 18. dxe4 Bb7 19. Nd5 Bxd5 20. exd5 Rae8
21. Bd1 Rd8 22. f3 Nf6 23. Re1 Rfe8 24. Ba4 Re7 25. Qc3 Nh5 26. Rad1 f6 27. Rd2
Kg8 28. Bc2 Qd6 29. Rde2 Nf4 30. Re4 Rde8 31. Ba4 Rf8 32. Qe3 Rg7 33. Kh2 g5
34. g3 Ng6 35. Qe2 Kh8 36. Bc2 Qd7 37. g4 Nf4 38. Re3 Rd8 39. Qf2 Qd6 40. a4 a5
41. Bf5 Qf8 42. Rb3 Rb7 43. Rh1 Qh6 44. Kg1 Nxh3+ 45. Kg2 Nf4+ 46. Kg1 Nh3+ 47.
Kg2 Nf4+ 48. Kg1 1/2-1/2

[Event "I Trofeo UTE"]
[Site "Vigevano ITA"]
[Date "2007.06.23"]
[Round "4"]
[White "Massironi, Marco"]
[Black "Provera, Emanuele"]
[Result "1-0"]
[WhiteElo "2147"]
[BlackElo "2137"]
[PlyCount "85"]
[EventDate "2007.06.20"]

1. e4 c6 2. d4 d5 3. Nc3 dxe4 4. Nxe4 Bf5 5. Ng3 Bg6 6. h4 h6 7. h5 Bh7 8. Nf3
Nd7 9. Bd3 Bxd3 10. Qxd3 e6 11. Bf4 Ngf6 12. O-O-O Be7 13. Kb1 O-O 14. Ne4 Nxe4
15. Qxe4 Nf6 16. Qe2 Qd5 17. Ne5 Qe4 18. Qxe4 Nxe4 19. Rhe1 Nf6 20. g4 Rfd8 21.
f3 c5 22. dxc5 Bxc5 23. c4 Rac8 24. Rxd8+ Rxd8 25. Kc2 Rc8 26. Kd3 Ne8 27. Ke2
Bd4 28. b3 b5 29. Rc1 bxc4 30. Rxc4 Rxc4 31. bxc4 Nf6 32. a4 Bxe5 33. Bxe5 Nd7
34. Bd6 Nb6 35. c5 Nc8 36. Bb8 a6 37. c6 Kf8 38. Kd3 Ke8 39. Kc4 g6 40. Be5 Ne7
41. Kc5 gxh5 42. gxh5 Kd8 43. Bf6 1-0

[Event "I Trofeo UTE"]
[Site "Vigevano ITA"]
[Date "2007.06.23"]
[Round "4"]
[White "Salmoiraghi, Angelo"]
[Black "Kidane, Robel"]
[Result "1-0"]
[WhiteElo "2035"]
[BlackElo "2123"]
[PlyCount "122"]
[EventDate "2007.06.20"]

1. e4 c5 2. Nc3 Nc6 3. g3 g6 4. Bg2 Bg7 5. d3 d6 6. Be3 e6 7. Qd2 Nd4 8. Nd1
Rb8 9. c3 Nc6 10. f4 Nge7 11. Nf3 b5 12. d4 cxd4 13. Nxd4 Na5 14. b3 O-O 15.
Ne2 Qc7 16. Rc1 Rd8 17. O-O e5 18. Nb2 Be6 19. Qe1 Nac6 20. Qf2 Rbc8 21. c4 b4
22. Nd3 f5 23. Rcd1 Qa5 24. Ndc1 fxe4 25. Bxe4 Nf5 26. Bd5 Bxd5 27. Rxd5 Qc7
28. Rfd1 Re8 29. g4 Nxe3 30. Qxe3 exf4 31. Qxf4 Be5 32. Qf3 Rf8 33. Qg2 Qb6+
34. c5 dxc5 35. Kh1 Bg7 36. Rd7 Nd4 37. Qd5+ Kh8 38. Nxd4 Bxd4 39. Ne2 Bg7 40.
Ng3 Rc7 41. Rd8 Rc8 42. Rd7 a5 43. Ne4 Qc6 44. Ng5 Qxd5+ 45. R1xd5 Rfe8 46. Kg2
h6 47. Nf7+ Kg8 48. Nd6 Bd4 49. Nxc8 Rxc8 50. Rd8+ Rxd8 51. Rxd8+ Kg7 52. Ra8
h5 53. gxh5 gxh5 54. Rxa5 Kg6 55. Ra6+ Kg5 56. a4 bxa3 57. Rxa3 h4 58. h3 Kf4
59. Ra7 Ke4 60. Rf7 Ke3 61. Rf3+ Ke4 1-0

[Event "I Trofeo UTE"]
[Site "Vigevano ITA"]
[Date "2007.06.23"]
[Round "5"]
[White "Bozzali, Ermanno"]
[Black "Salmoiraghi, Angelo"]
[Result "0-1"]
[WhiteElo "2064"]
[BlackElo "2035"]
[PlyCount "144"]
[EventDate "2007.06.20"]

1. Nf3 Nc6 2. d4 e6 3. e4 d5 4. Nbd2 Nf6 5. e5 Nd7 6. Bd3 Nb4 7. Be2 c5 8. c3
Nc6 9. O-O cxd4 10. cxd4 f6 11. exf6 Nxf6 12. Nb3 Bd6 13. Bg5 O-O 14. Rc1 Qe8
15. Bb5 Ne4 16. Bh4 Bd7 17. Bg3 Nxg3 18. Bxc6 Nxf1 19. Bxb7 Rb8 20. Ba6 Nxh2
21. Nxh2 Bxh2+ 22. Kxh2 Rxf2 23. Rc2 Qf7 24. Rxf2 Qxf2 25. Qc1 Rf8 26. Qc7 Be8
27. Qe7 Bh5 28. Qxe6+ Kh8 29. Qxd5 Bf3 30. Qg5 Rf6 31. Bc8 Qxb2 32. Nd2 Qb8+
33. Qe5 Qxc8 34. Nxf3 Rb6 35. Qd5 Qg8 36. Qa5 Qd8 37. Qxa7 Qb8+ 38. Qxb8+ Rxb8
39. a4 Ra8 40. Kg3 Kg8 41. Kf4 Kf8 42. g4 Rxa4 43. Kf5 Ke7 44. Ke5 Ra2 45. Ng5
h6 46. Ne4 Rg2 47. Kf5 g6+ 48. Kf4 Ke6 49. Nc3 Rc2 50. Ne4 Kd5 51. Nf6+ Kxd4
52. Ng8 Rh2 53. Ne7 Rf2+ 54. Kg3 Rf6 55. Ng8 Rf7 56. Nxh6 Rh7 57. g5 Ke4 58.
Kg4 Ke5 59. Kg3 Rb7 60. Kg4 Rb4+ 61. Kg3 Rf4 62. Kh3 Rf1 63. Kg2 Ra1 64. Kg3
Ke4 65. Ng4 Kf5 66. Ne3+ Kxg5 67. Kg2 Ra3 68. Nd1 Kf4 69. Nf2 Ra2 70. Kf1 Kf3
71. Nd1 Ra1 72. Ke1 g5 0-1

[Event "I Trofeo UTE"]
[Site "Vigevano ITA"]
[Date "2007.06.23"]
[Round "5"]
[White "Brugo, Marco"]
[Black "Massironi, Marco"]
[Result "1-0"]
[WhiteElo "2125"]
[BlackElo "2147"]
[PlyCount "74"]
[EventDate "2007.06.20"]

1. d4 c5 2. d5 f5 3. c4 g6 4. Bd2 Bg7 5. Bc3 Nf6 6. g3 d6 7. Bg2 O-O 8. Nd2 Na6
9. Nh3 Nc7 10. Nf4 Qe8 11. h4 b5 12. b3 b4 13. Bb2 a5 14. O-O a4 15. Rb1 axb3
16. Qxb3 Bb7 17. Bf3 e5 18. dxe6 Bxf3 19. Nxf3 Nxe6 20. e3 Nxf4 21. exf4 Ne4
22. Bxg7 Kxg7 23. Ng5 Ra3 24. Qb2+ Nc3 25. Rbe1 Qc6 26. Ne6+ Kf7 27. Nxf8 Rxa2
28. Qxa2 Nxa2 29. Nxh7 Nc3 30. Ng5+ Kf8 31. Re6 Ne4 32. Rxg6 b3 33. h5 Nd2 34.
h6 Qe8 35. h7 Qxg6 36. h8=Q+ Ke7 37. Re1+ Kd7 1-0

[Event "I Trofeo UTE"]
[Site "Vigevano ITA"]
[Date "2007.06.23"]
[Round "5"]
[White "Kidane, Robel"]
[Black "Damia, Angelo"]
[Result "0-1"]
[WhiteElo "2123"]
[BlackElo "2212"]
[PlyCount "28"]
[EventDate "2007.06.20"]

1. e4 e5 2. Nf3 Nc6 3. Bc4 Nf6 4. d3 Bc5 5. O-O d6 6. Bg5 h6 7. Bh4 g5 8. Bg3
h5 9. Nxg5 h4 10. Nxf7 hxg3 11. Nxd8 Bg4 12. Qd2 Nd4 13. Nc3 Nf3+ 14. gxf3 Bxf3
0-1

[Event "I Trofeo UTE"]
[Site "Vigevano ITA"]
[Date "2007.06.23"]
[Round "5"]
[White "Provera, Emanuele"]
[Black "Fornasir, Carlo Gustavo"]
[Result "1-0"]
[WhiteElo "2137"]
[BlackElo "1982"]
[PlyCount "97"]
[EventDate "2007.06.20"]

1. d4 Nf6 2. c4 e5 3. dxe5 Ng4 4. Nf3 Bc5 5. e3 Nc6 6. Be2 Ngxe5 7. O-O d6 8.
Nc3 Nxf3+ 9. Bxf3 Ne5 10. Be2 Be6 11. f4 Nc6 12. Na4 Bf5 13. Bf3 Bd7 14. Nxc5
dxc5 15. Bd5 Qe7 16. a3 O-O-O 17. b4 cxb4 18. axb4 Qxb4 19. Ba3 Qc3 20. Bc5 b6
21. Qa4 Na5 22. Qa2 Be6 23. Bd4 Qb3 24. Bxe6+ fxe6 25. Rfb1 Qxa2 26. Rxa2 Rd7
27. c5 Nc6 28. cxb6 cxb6 29. Bxb6 Rb7 30. Rc2 Kd7 31. Rd1+ Ke7 32. Rxc6 axb6
33. Rdd6 Rhb8 34. Rxe6+ Kf7 35. Re4 b5 36. Rb4 Rb6 37. Rc7+ Kf6 38. e4 R8b7 39.
Rc5 Re6 40. Kf2 h6 41. e5+ Kf5 42. Kf3 Reb6 43. g4+ Ke6 44. f5+ Ke7 45. Ke4 g5
46. Rd5 Rb8 47. Kd4 R8b7 48. Kc5 Rb8 49. Rd6 1-0

[Event "I Trofeo UTE"]
[Site "Vigevano ITA"]
[Date "2007.06.24"]
[Round "6"]
[White "Fornasir, Carlo Gustavo"]
[Black "Salmoiraghi, Angelo"]
[Result "0-1"]
[WhiteElo "1982"]
[BlackElo "2035"]
[PlyCount "82"]
[EventDate "2007.06.20"]

1. Nf3 Nf6 2. g3 b6 3. Bg2 Bb7 4. d4 e6 5. O-O Be7 6. c4 O-O 7. Nc3 d5 8. Ne5
c6 9. b3 Ne8 10. cxd5 exd5 11. Bb2 Nd7 12. e4 Nxe5 13. dxe5 d4 14. Ne2 c5 15.
Nf4 Nc7 16. Qg4 Bc8 17. Qf3 Be6 18. Nd5 Qd7 19. Rac1 Rfd8 20. Nxe7+ Qxe7 21.
Qd3 Bc8 22. Rfe1 Qxe5 23. b4 Ba6 24. Qd2 c4 25. f4 Qe7 26. Qf2 c3 27. Ba1 Qxb4
28. f5 f6 29. e5 fxe5 30. Rxe5 Qd6 31. Qf4 Re8 32. Bd5+ Kh8 33. Rce1 Qxd5 34.
Rxd5 Rxe1+ 35. Kf2 Rf1+ 36. Kg2 Nxd5 37. Qg5 Nf6 38. Qh4 Rxa1 39. g4 c2 40. g5
c1=Q 41. gxf6 Bb7+ 0-1

[Event "I Trofeo UTE"]
[Site "Vigevano ITA"]
[Date "2007.06.24"]
[Round "6"]
[White "Massironi, Marco"]
[Black "Kidane, Robel"]
[Result "1-0"]
[WhiteElo "2147"]
[BlackElo "2123"]
[PlyCount "39"]
[EventDate "2007.06.20"]

1. e4 c5 2. Nf3 d6 3. d4 cxd4 4. Nxd4 Nf6 5. Nc3 a6 6. Be3 Ng4 7. Bc1 Nf6 8. f3
b5 9. Be3 e6 10. Qd2 Qc7 11. g4 h6 12. O-O-O Nbd7 13. Qf2 Bb7 14. h4 Rc8 15.
Kb1 b4 16. Na4 d5 17. Bh3 e5 18. g5 exd4 19. Bxd4 hxg5 20. hxg5 1-0

[Event "I Trofeo UTE"]
[Site "Vigevano ITA"]
[Date "2007.06.24"]
[Round "6"]
[White "Provera, Emanuele"]
[Black "Brugo, Marco"]
[Result "1/2-1/2"]
[WhiteElo "2137"]
[BlackElo "2125"]
[PlyCount "43"]
[EventDate "2007.06.20"]

1. d4 e6 2. Nf3 f5 3. Bg5 Be7 4. h4 Nf6 5. Nbd2 d5 6. e3 Nbd7 7. Bd3 Ng4 8. c4
c6 9. cxd5 cxd5 10. Qc2 Ndf6 11. Bf4 O-O 12. Ne5 Nxe5 13. dxe5 Ne4 14. Nf3 Bd7
15. g4 Qa5+ 16. Kf1 Rac8 17. Qd1 Ba4 18. b3 Bb5 19. gxf5 Nc3 20. Qc2 Ne4 21.
Qd1 Nc3 22. Qc2 1/2-1/2

[Event "I Trofeo UTE"]
[Site "Vigevano ITA"]
[Date "2007.06.24"]
[Round "7"]
[White "Bozzali, Ermanno"]
[Black "Massironi, Marco"]
[Result "0-1"]
[WhiteElo "2064"]
[BlackElo "2147"]
[PlyCount "68"]
[EventDate "2007.06.20"]

1. e4 c5 2. Nf3 d6 3. d4 cxd4 4. Nxd4 Nf6 5. Nc3 a6 6. Bg5 e6 7. f4 Qc7 8. Qf3
b5 9. e5 Bb7 10. exd6 Bxd6 11. Bxb5+ axb5 12. Ndxb5 Bxf3 13. Nxc7+ Bxc7 14.
gxf3 Ba5 15. Bxf6 gxf6 16. Kf2 Bxc3 17. bxc3 Nd7 18. a4 Ra5 19. Rhb1 Ke7 20.
Rb7 Rb8 21. Rb4 Rba8 22. Rg1 Rxa4 23. Rg7 Rxb4 24. cxb4 Ra2 25. Rxh7 Rxc2+ 26.
Kg3 Rb2 27. f5 e5 28. Rh4 Nb6 29. Re4 Nd5 30. h4 Rxb4 31. Rxb4 Nxb4 32. h5 Kf8
33. f4 Kg7 34. fxe5 fxe5 0-1

[Event "I Trofeo UTE"]
[Site "Vigevano ITA"]
[Date "2007.06.24"]
[Round "7"]
[White "Brugo, Marco"]
[Black "Fornasir, Carlo Gustavo"]
[Result "1-0"]
[WhiteElo "2125"]
[BlackElo "1982"]
[PlyCount "98"]
[EventDate "2007.06.20"]

1. d4 d5 2. c4 dxc4 3. e4 e5 4. Nf3 exd4 5. Bxc4 Bb4+ 6. Nbd2 c5 7. O-O Bxd2 8.
Bxd2 Ne7 9. Ng5 Qb6 10. Bxf7+ Kf8 11. Bb3 h6 12. Nf7 Rh7 13. Ne5 Be6 14. Qf3+
Kg8 15. Qh5 Na6 16. Ba5 Qd6 17. Nf7 Bxf7 18. Qxf7+ Kh8 19. e5 Qd7 20. f4 b6 21.
Be1 Qe8 22. Qc4 b5 23. Qe6 c4 24. Qxa6 cxb3 25. axb3 Nd5 26. Bd2 g5 27. fxg5
Qxe5 28. gxh6 Ne3 29. Qf6+ Qxf6 30. Rxf6 Rc7 31. Bxe3 dxe3 32. Re6 Rc2 33. Rxe3
Rxb2 34. Re7 a5 35. Re3 Kh7 36. Rh3 Rc8 37. Rf1 Rg8 38. Rf7+ Kh8 39. h7 Rgxg2+
40. Kh1 Rgf2 41. Rxf2 Rxf2 42. Rh5 a4 43. bxa4 bxa4 44. Ra5 Ra2 45. Ra7 Ra1+
46. Kg2 Ra2+ 47. Kg3 Ra3+ 48. Kg4 Ra1 49. Kg5 a3 1-0

[Event "I Trofeo UTE"]
[Site "Vigevano ITA"]
[Date "2007.06.24"]
[Round "7"]
[White "Kidane, Robel"]
[Black "Provera, Emanuele"]
[Result "1/2-1/2"]
[WhiteElo "2123"]
[BlackElo "2137"]
[PlyCount "85"]
[EventDate "2007.06.20"]

1. e4 c6 2. d4 d5 3. Nc3 dxe4 4. Nxe4 Bf5 5. Ng3 Bg6 6. Nf3 Nd7 7. h4 h6 8. h5
Bh7 9. Bd3 Bxd3 10. Qxd3 e6 11. Bf4 Qa5+ 12. Bd2 Bb4 13. Ne4 Bxd2+ 14. Nfxd2
Ngf6 15. Nd6+ Kf8 16. Nxb7 Qb4 17. Qa3 Qxa3 18. bxa3 Ke7 19. f3 Rab8 20. Na5
Rhc8 21. c4 c5 22. Nab3 cxd4 23. Nxd4 Ne5 24. Rh4 Rb6 25. Nb5 Ra6 26. Ke2 Ra4
27. Rc1 a6 28. Nd4 Rxa3 29. Rc2 Nc6 30. Rb2 Nxd4+ 31. Rxd4 e5 32. Rd3 Rxd3 33.
Kxd3 Nxh5 34. Rb7+ Ke8 35. Ne4 Rd8+ 36. Kc3 Nf4 37. c5 Rd3+ 38. Kc2 Rd4 39.
Nd6+ Kd8 40. Rxf7 Ne6 41. Ra7 Nxc5 42. Nf7+ Kc8 43. Nxe5 1/2-1/2

[Event "I Trofeo UTE"]
[Site "Vigevano ITA"]
[Date "2007.06.24"]
[Round "7"]
[White "Salmoiraghi, Angelo"]
[Black "Damia, Angelo"]
[Result "0-1"]
[WhiteElo "2035"]
[BlackElo "2212"]
[PlyCount "60"]
[EventDate "2007.06.20"]

1. e4 Nf6 2. e5 Nd5 3. c4 Nb6 4. d4 d6 5. exd6 exd6 6. Nc3 Be7 7. Bd3 O-O 8. b3
Bf6 9. Be3 Re8 10. Nge2 Bg4 11. O-O Nc6 12. Qd2 Nb4 13. Rac1 Nxd3 14. Qxd3 Qd7
15. d5 Bxe2 16. Nxe2 Qe7 17. Rfe1 Nd7 18. Qd2 Ne5 19. Bd4 Bg5 20. f4 Bh6 21.
Qc3 Nd7 22. Ng3 Qh4 23. Nf5 Qxf4 24. Rf1 Qg5 25. Qf3 f6 26. h4 Qg6 27. h5 Qg5
28. Bf2 Re5 29. Nxh6+ Qxh6 30. Bd4 Rxh5 0-1

[Event "XIX Festival A"]
[Site "Porto San Giorgio ITA"]
[Date "2007.08.21"]
[Round "1"]
[White "Aglietti, Graziano"]
[Black "Kononenko, Tatiana"]
[Result "0-1"]
[WhiteElo "2031"]
[BlackElo "2393"]
[PlyCount "54"]
[EventDate "2007.08.21"]

1. d4 d5 2. Nf3 Nf6 3. c4 c6 4. Nc3 dxc4 5. a4 Bf5 6. Ne5 Nbd7 7. Nxc4 Nb6 8.
Ne5 a5 9. f3 Nfd7 10. Nxd7 Nxd7 11. e4 Bg6 12. Qb3 e5 13. dxe5 Bb4 14. Bf4 Qe7
15. O-O-O Nxe5 16. h4 h5 17. Kb1 O-O 18. Be2 Kh8 19. Ka1 f6 20. g4 Bf7 21. Qc2
b5 22. g5 Bxc3 23. gxf6 Qa3+ 24. Kb1 Qa2+ 25. Kc1 Qa1+ 26. Qb1 Bxb2+ 27. Kc2
Bb3+ 0-1

[Event "XIX Festival A"]
[Site "Porto San Giorgio ITA"]
[Date "2007.08.21"]
[Round "1"]
[White "Bokros, Albert"]
[Black "Pepe, Mario"]
[Result "1-0"]
[WhiteElo "2468"]
[BlackElo "2057"]
[PlyCount "47"]
[EventDate "2007.08.21"]

1. e4 Nf6 2. e5 Nd5 3. d4 d6 4. c4 Nb6 5. exd6 cxd6 6. Nc3 g6 7. Be3 Bg7 8. Rc1
O-O 9. b3 Nc6 10. d5 Ne5 11. Be2 Ned7 12. Nf3 Nf6 13. Nd4 Nbd7 14. O-O Ne5 15.
h3 Qa5 16. Qd2 Rd8 17. Rfe1 Ne8 18. Bf1 a6 19. Bg5 f6 20. Be3 Nf7 21. b4 Qc7
22. Ne6 Bxe6 23. dxe6 Ne5 24. Nd5 1-0

[Event "XIX Festival A"]
[Site "Porto San Giorgio ITA"]
[Date "2007.08.21"]
[Round "1"]
[White "Brkic, Ante"]
[Black "Galioto, Giovanni"]
[Result "1-0"]
[WhiteElo "2558"]
[BlackElo "2102"]
[PlyCount "54"]
[EventDate "2007.08.21"]

1. e4 c5 2. Nf3 d6 3. Bc4 e6 4. O-O Nf6 5. Qe2 Be7 6. c3 O-O 7. Bb3 Nc6 8. Rd1
a6 9. d4 cxd4 10. cxd4 b5 11. Nbd2 Bb7 12. Nf1 Re8 13. Ng3 Qb6 14. Be3 d5 15.
e5 Nd7 16. Bc2 Rac8 17. h4 Nf8 18. Nh5 Qd8 19. Bg5 Ng6 20. Rac1 Na5 21. g3 Qd7
22. Nh2 Rc6 23. Ng4 Qc7 24. Bxe7 Qxe7 25. Nxg7 Kxg7 26. Qe3 Kh8 27. Nf6 Qf8 1-0